| 000 -LEADER |
| fixed length control field |
00620nam a22001937a 4500 |
| 003 - CONTROL NUMBER IDENTIFIER |
| control field |
0 |
| 005 - DATE AND TIME OF LATEST TRANSACTION |
| control field |
20250902082757.0 |
| 008 - FIXED-LENGTH DATA ELEMENTS--GENERAL INFORMATION |
| fixed length control field |
250902b xxu||||| |||| 00| 0 eng d |
| 020 ## - INTERNATIONAL STANDARD BOOK NUMBER |
| International Standard Book Number |
978-1-4833-7414-7 |
| 050 ## - LIBRARY OF CONGRESS CALL NUMBER |
| Classification number |
LB 2369 |
| Item number |
.B69 2023 |
| 100 ## - MAIN ENTRY--PERSONAL NAME |
| Personal name |
Boyd, Michelle R., |
| Relator term |
author. |
| 245 ## - TITLE STATEMENT |
| Title |
Becoming the writer you already are / |
| Statement of responsibility, etc |
Michelle R. Boyd. |
| 260 ## - PUBLICATION, DISTRIBUTION, ETC. (IMPRINT) |
| Place of publication, distribution, etc |
Thousand Oaks, California : |
| Name of publisher, distributor, etc |
Sage Publications, Inc., |
| Date of publication, distribution, etc |
2023. |
| 300 ## - PHYSICAL DESCRIPTION |
| Extent |
xvii, 144 pages ; |
| Dimensions |
23 cm. |
| 504 ## - BIBLIOGRAPHY, ETC. NOTE |
| Bibliography, etc |
Includes bibliographical references and index. |
| 650 ## - SUBJECT ADDED ENTRY--TOPICAL TERM |
| Topical term or geographic name as entry element |
Academic writing. |
| 650 ## - SUBJECT ADDED ENTRY--TOPICAL TERM |
| Topical term or geographic name as entry element |
Dissertations, Academic. |
| 942 ## - ADDED ENTRY ELEMENTS (KOHA) |
| Source of classification or shelving scheme |
|
| Koha item type |
Books |